| 000 | 00691nam a22001697a 4500 | ||
|---|---|---|---|
| 008 | 110801t1994 xxu||||g |||| 000 0 ara d | ||
| 020 | _a9775337097 | ||
| 082 |
_222 _a291.21 _bد و ى |
||
| 100 |
_926515 _aدويل،أرثر كونان |
||
| 245 |
_aالكشف الجديد : _bصفحات رائعة فى العلم الروحى الحديث/ _cتأليف أرثر كونان دويل؛ترجمة و عرض عبد العزيز جادو |
||
| 260 |
_aالإسكندرية : _bدار صادق للنشر،1994. _c1994. |
||
| 300 |
_a125ص، _c24سم. |
||
| 650 |
_922342 _aالمادية |
||
| 653 |
_bGeneral _cAugust2011 |
||
| 700 |
_926516 _aجادو،عد العزيز |
||
| 942 |
_2ddc _cBB |
||
| 999 |
_c15767 _d15767 |
||